| 000 | 00588nam a22002057a 4500 | ||
|---|---|---|---|
| 999 |
_c17719 _d17719 |
||
| 003 | AR-CdUCM | ||
| 008 | 190509b ||||| |||| 00| 0 spa d | ||
| 040 |
_aMUNICIPALIDAD PROVINCIAL DEL CUSCO _cBIBLIOTECA MUNICIPAL DEL CUSCO |
||
| 082 |
_a808 / _bD65 |
||
| 100 |
_aDewey, John _96029 |
||
| 245 | _aLa ciencia de la educación / | ||
| 260 |
_aBuenos Aires : _bLosada, _c1950. |
||
| 300 |
_a140 paginas ; _c19 cm. |
||
| 500 | _aLa educación | ||
| 650 |
_aEducación _9460 |
||
| 650 |
_aLiteratura _983 |
||
| 650 |
_aHistoria _9136 |
||
| 942 |
_2ddc _cLIBROS |
||
| 945 |
_apjha _d2019-05-09 |
||